Vowel-less Superheroes Quiz Stats

 Plays Quiz Updated Apr 3, 2018

Score 0/20 Timer 02:00
0 Plays Today
Vowel-less Name Superhero % Correct
wlvrnWolverine
97.7%
btmnBatman
97.3%
grn lntrnGreen Lantern
96.4%
nghtwngNightwing
95.1%
thngThing
93.9%
hlkHulk
93.5%
mr fntstcMr. Fantastic
93.4%
sprmnSuperman
92.8%
cptn mrvlCaptain Marvel
92.6%
flshFlash
91.9%
Vowel-less Name Superhero % Correct
wndr wmnWonder Woman
91.6%
rbnRobin
90.5%
cclpsCyclops
88.3%
hwkHawkeye
87.9%
cptn mrcCaptain America
87.9%
sprgrlSupergirl
87.8%
dctr strngDoctor Strange
87%
strgrlStargirl
69%
clsssColossus
60%
rn mnIron Man
52.7%

You're not logged in!

Compare scores with friends on all Sporcle quizzes.
OR
Log In

Sporcle TV

Today on Sporcle TV


Watch our educational content, quiz creation guides, and fun videos on Sporcle TV.

Show Comments

Extras

Top Quizzes Today


Score Distribution

Your Account Isn't Verified!

In order to create a playlist on Sporcle, you need to verify the email address you used during registration. Go to your Sporcle Settings to finish the process.

Report this User

Report this user for behavior that violates our Community Guidelines.

Details: